SNL Celebrity Jeopardy! Contestants Quiz Stats

 Plays Quiz not verified by Sporcle

Support Sporcle.
Go Orange.
Score 0/31 Timer 05:00
0 Plays Today
Contestant % Correct
Sean Connery
89.9%
Burt Reynolds
82.8%
Tom Cruise
58.1%
Tom Hanks
57.3%
French Stewart
55.5%
Justin Bieber
55.3%
Bill Cosby
50.2%
Adam Sandler
48.5%
Martha Stewart
48%
Tony Bennett
44.7%
Sharon Osbourne
41.4%
Ozzy Osbourne
39.6%
Keanu Reeves
35.2%
Matthew McConaughey
29.8%
Jeff Goldblum
28.6%
Björk
27.8%
Contestant % Correct
Robin Williams
27.3%
Hilary Swank
24.7%
Kathie Lee Gifford
24.2%
Catherine Zeta-Jones
22.9%
Marlon Brando
22.5%
Dave Matthews
22%
Minnie Driver
21.1%
Jerry Lewis
20.7%
Michael Keaton
20.7%
John Travolta
19.4%
Chris Tucker
17.2%
Calista Flockhart
16.3%
Anne Heche
15.9%
Phil Donahue
12.8%
Nicolas Cage
11.9%

You're not logged in!

Compare scores with friends on all Sporcle quizzes.
OR
Log In

From the Vault

Country Names in Other Languages

by tigermilk

In case you're tired of reading all your Sporcle quizzes in English.
Remove Ads.
Support Sporcle.
Get the best of Sporcle when you Go Orange. This ad-free experience offers more features, more stats, and more fun while also helping to support Sporcle. Thank you for becoming a member.

Show Comments

Extras

Top Quizzes Today


Score Distribution

Your Account Isn't Verified!

In order to create a playlist on Sporcle, you need to verify the email address you used during registration. Go to your Sporcle Settings to finish the process.

Report this User

Report this user for behavior that violates our Community Guidelines.

Details: